000 01137cam a2200253 4500
001 X113114
008 000000n2001 000 0 eng u
035 _a(Sirsi) u113114
100 _aWinter, J.
245 _aPlanning law does not break the rights act
260 _c2001
490 _aConstruction News
_v(6718) 31 May 2001, 14(1)
520 _aRefutes the proposition based on the Human Rights Act 1998, that SoS Environment cannot be the appropriate person to decide planning applications and hold the conflicting role of deciding planning policy. Three cases together show that U.K. legislation does not contravene article 6(1) of the European Convention.
650 _aCONVENTION FOR THE PROTECTION OF HUMAN RIGHTS AND FUNDAMENTAL FREEDOMS ART 6(1)
650 _aHUMAN RIGHTS ACT 1998
650 _aSOS ENVIRONMENT TRANSPORT AND THE REGIONS
650 _aPLANNING APPLICATIONS
650 _aPLANNING PERMISSION
650 _aR V SOS ENVIRONMENT, TRANSPORT AND THE REGIONS EX P ALCONBURY DEVELOPMENTS
650 _aJUDICIAL REVIEW
690 _aPlanning and development
_96259
700 _aPike, R.
942 _n0
999 _c67339
_d67339